| 000 | 00490nam a2200157Ia 4500 | ||
|---|---|---|---|
| 999 |
_c13221 _d13221 |
||
| 003 | OSt | ||
| 005 | 20200606115824.0 | ||
| 008 | 190216s9999||||xx |||||||||||||| ||und|| | ||
| 040 | _cMESKC library | ||
| 082 |
_a662.2 _bSHU/V |
||
| 100 |
_aShukla, Shiv Kumar _9181 |
||
| 245 | 4 |
_aVisphotak Vigyan = The Science Of Explosives / _cShiv Kumar Shukla |
|
| 260 |
_bBhageerath Seva Sansthaan, _aNew Delhi : |
||
| 300 | _a236p | ||
| 942 |
_cBK _2ddc _h662.2 _iSHU/V _k662.2 _mSHU/V |
||